[Event "TUR Cup										"]
[Site "Antalya"]
[Date "2018.02.01"]
[Round "9"]
[White "Simsek, Hami"]
[Black "Kanicioglu, Ahmet Emre"]
[Result "1-0"]
[WhiteElo "1383"]
[BlackElo "1189"]
[PlyCount "107"]
[EventDate "2018.01.27"]
[EventType "swiss"]
[EventRounds "11"]
[EventCountry "TUR"]
[SourceTitle "CBM 182 Extra"]
[Source "ChessBase"]
[SourceDate "2018.02.23"]
[SourceVersion "1"]
[SourceVersionDate "2018.02.23"]
[SourceQuality "1"]

1. d4 d5 2. Nf3 c5 3. e3 a6 4. b3 Nc6 5. Bb2 Nf6 6. Bd3 Bg4 7. Nbd2 e6 8. 0-0 Bd6 9. c4 0-0 10. dxc5 Bxc5 11. cxd5 exd5 12. Qc2 Bb6 13. Bxf6 Qxf6 14. Bxh7+ Kh8 15. Bd3 Nb4 16. Qb1 Nxd3 17. Qxd3 Rad8 18. Rac1 Rfe8 19. Qc3 Qd6 20. h3 Bh5 21. Nd4 Bg6 22. N2f3 Be4 23. Qb2 Rc8 24. Ng5 Qg6 25. Nxe4 Qxe4 26. Rfd1 Bc5 27. b4 Bd6 28. Rxc8 Rxc8 29. a3 Qe5 30. g3 Qh5 31. Qb1 Qxh3 32. Qf5 Qxf5 33. Nxf5 Bf8 34. Rxd5 Rc1+ 35. Kg2 Ra1 36. Rd3 g6 37. Nd4 Bg7 38. g4 g5 39. Kf3 Be5 40. Ke4 f6 41. Kd5 Rf1 42. f3 Kg7 43. Kc5 Kf7 44. Kb6 Rc1 45. Kxb7 a5 46. b5 Rc7+ 47. Kb6 a4 48. Nc6 Rc8 49. Nxe5+ fxe5 50. Kb7 Rc5 51. b6 Rb5 52. Kc6 Rb2 53. b7 Rc2+ 54. Kb6 1-0

[Event "TUR Cup										"]
[Site "Antalya"]
[Date "2018.01.28"]
[Round "2"]
[White "Kara, Ali Barkin"]
[Black "Simsek, Hami"]
[Result "1-0"]
[WhiteElo "1945"]
[BlackElo "1383"]
[PlyCount "67"]
[EventDate "2018.01.27"]
[EventType "swiss"]
[EventRounds "11"]
[EventCountry "TUR"]
[SourceTitle "CBM 182 Extra"]
[Source "ChessBase"]
[SourceDate "2018.02.23"]
[SourceVersion "1"]
[SourceVersionDate "2018.02.23"]
[SourceQuality "1"]

1. e4 e6 2. b3 b6 3. Bb2 Nf6 4. e5 Nd5 5. c4 Nf4 6. Qf3 Nxg2+ 7. Bxg2 Nc6 8. d4 Bb4+ 9. Nd2 Bb7 10. Qg3 0-0 11. Ngf3 d5 12. cxd5 Bxd2+ 13. Nxd2 Nb4 14. 0-0 exd5 15. a3 Nc6 16. Nf3 Ne7 17. Nh4 f5 18. exf6 Rxf6 19. Bc1 Re6 20. Bf4 Ng6 21. Nxg6 Rxg6 22. Qe3 Qd7 23. Bg3 Re8 24. Qd3 c5 25. Rae1 Rf8 26. Re5 Rgf6 27. dxc5 bxc5 28. Bxd5+ Kh8 29. Be4 Rd6 30. Qe3 Ba6 31. Re1 Rd4 32. Bg2 Rd3 33. Qxc5 Rd8 34. Qxa7 1-0